Największe miasta Półwyspu Bałkańskiego - Statystyki

Ogólne statystyki
  • Ten quiz został rozwiązany 37 razy
  • Średni wynik to 9 z 15
Statystyki odpowiedzi
Państwo Liczba Ludności Miasto % Poprawnych
4 Grecja 643,452 Ateny
100%
3 Bułgaria 1,190,256 Sofia
100%
2 Serbia 1,383,875 Belgrad
97%
5 Macedonia Północna 526,502 Skopje
97%
1 Turcja 14,025,646 Stambuł
97%
6 Albania 418,495 Tirana
97%
10 Bośnia i Hercegowina 275,524 Sarajewo
91%
9 Grecja 309,617 Saloniki
88%
8 Bułgaria 311,093 Warna
50%
7 Bułgaria 321,824 Płowdiw
26%
14 Bośnia i Hercegowina 185,042 Banja Luka
21%
13 Bułgaria 188,242 Burgas
21%
11 Rumunia 263,688 Konstanca
18%
15 Serbia 182,797 Nisz
15%
12 Turcja 210,362 Çorlu
0%
Nie znaleziono quizów pasujących do podanych kryteriów
Rozkład punktacji
Procent ludzi z każdym wynikiem
Percentyl według liczby udzielonych odpowiedzi
Twoja historia wyników
Nie rozwiązałeś tego quizu